000 00872nmm a2200277 a 4500
001 ocm0001520904
003 TR-IsHL
005 20201028163031.0
008 170206s2014 tu tur
007 cr cn
020 _a9786051622484
035 _a1520904
_b(N$T)
050 0 4 _aPZ7
_b.S69 2014
090 0 4 _aPZ7
_b.S69 2014
100 1 _aSpyri, Johanna
245 1 0 _aHeidi
_h[electronic resource] /
_cJohanna Spyri ; tercüme Emsal Hunuma
260 _aİstanbul :
_bNesil Yayınları,
_c2014
300 _a392 p.
650 4 _aDil ve Edebiyat
650 4 _aLanguage and Literature
650 0 _aÇocuk öyküleri, İngiliz
650 0 _aChildren's stories, English
650 7 _aJUVENILE FICTION / General
_2bisacsh
700 1 _aHunuma, Emsal
856 4 0 _uhttp://search.ebscohost.com/login.aspx?direct=true&scope=site&db=e011xww&AN=1520904
999 _c15129
_d15129